Hokage - Statistiques

Statistiques générales
  • Ce quiz a été pris 1 205 fois
  • Le résultat moyen est 7 sur 7
Statistiques - réponses
Hokage Nom % Correct
7eme Naruto Uzumaki
100%
6eme Kakashi Hatake
98%
4eme Minato Namikaze
98%
5eme Tsunade
98%
1er Hashirama Senju
94%
2eme Tobirama Senju
92%
3eme Hiruzen Sarutobi
84%
Aucun quiz correspondant
Distribution des résultats
% des personnes avec chaque résultat
Percentile par nombre de réponses
Votre historique - résultats
Vous n’avez pas pris ce quiz